[Event "23rd Heart of FIN"]
[Site "Jyvaskyla FIN"]
[Date "2013.07.13"]
[Round "8.9"]
[White "Lobanov,Sergei"]
[Black "Karttunen,M"]
[Result "1/2-1/2"]
[WhiteElo "2198"]
[BlackElo "2457"]

1.e4 e6 2.d4 d5 3.Nc3 Bb4 4.e5 Ne7 5.Qg4 Nf5 6.Nf3 Nc6 7.h4 h5 8.Qf4 Nce7
9.Bd3 Ng6 10.Qh2 c5 11.Bxf5 exf5 12.Bg5 Bxc3+ 13.bxc3 Qa5 14.Bd2 Qb5 15.Qg3 b6
16.Ng5 f4 17.Bxf4 O-O 18.Bd2 Bf5 19.Qf3 Bg4 20.Qd3 Qxd3 21.cxd3 f6 22.exf6 gxf6
23.Nf3 Bxf3 24.gxf3 cxd4 25.cxd4 Rfe8+ 26.Kd1 Ne7 27.Rb1 Nf5 28.Rb5 Rad8
29.Bc3 Kf7 30.a4 Rd7 31.a5 bxa5 32.Rxa5 Rg8 33.Ke2 Rc8 34.Rc5 Rdc7 35.Ra1 Nxh4
36.Bb4 Re8+ 37.Kf1 Rb7 38.Bc3 Rd7 39.Raa5 Red8 40.Rc6 Rb8 41.Kg1 Nxf3+ 42.Kg2 Nh4+
43.Kh3 Ng6 44.Raa6 Rb6 45.Raxb6 axb6 46.Rxb6 Nf4+ 47.Kh4 Kg6 48.Bd2 Nxd3
49.Bg5 Rf7 50.Be3 Rd7 51.Bg5 Rf7 52.Be3 Re7 53.Bg5 Re4+ 54.f4 Rxf4+ 55.Bxf4 Nxf4
56.Rd6 Kf5 57.Ra6 Ne2 58.Rd6 Nf4  1/2-1/2

[Event "28th Gniot Mem 2013"]
[Site "Police POL"]
[Date "2013.07.13"]
[Round "4.18"]
[White "Graf,Paw"]
[Black "Zschaebitz,K"]
[Result "0-1"]
[WhiteElo "2108"]
[BlackElo "2022"]

1.e4 e6 2.d4 d5 3.Nc3 Bb4 4.e5 Ne7 5.a3 Bxc3+ 6.bxc3 c5 7.Nf3 b6 8.a4 O-O
9.Bd3 h6 10.Ba3 Qc7 11.O-O Ba6 12.Bxa6 Nxa6 13.Qe2 Nb8 14.c4 dxc4 15.dxc5 Re8
16.cxb6 axb6 17.Bd6 Qc8 18.Nd4 Nd5 19.Nb5 Qc6 20.Qg4 Nd7 21.Rfe1 Nf8 22.h4 Rec8
23.c3 Ra6 24.Bxf8 Rxf8 25.Re4 Rxa4 26.Rxa4 Qxb5 27.Ra7 Qb1+ 28.Kh2 b5 29.Qf3 Qc1
30.Rg4 Qxc3 31.Qxc3 Nxc3 32.Rb7 h5 33.Rg3 Ne4 34.Re3 Nxf2 35.Re2 Ng4+ 36.Kg3 Rc8
37.Rxb5 c3 38.Rc2 Ne3 39.Rc1 Nd5 40.Kf3 Rc4 41.g3 Kh7 42.Rbb1 Kg6 43.Re1 Kf5
44.Re2 Nb4 45.Rd1 c2 46.Rc1 Nd3 47.Rf1  0-1

[Event "Czech Open G1 Rapid 2013"]
[Site "Pardubice CZE"]
[Date "2013.07.18"]
[Round "4.5"]
[White "Navara,D"]
[Black "Stupak,K"]
[Result "1/2-1/2"]
[WhiteElo "2715"]
[BlackElo "2510"]

1.d4 e6 2.e4 d5 3.Nc3 Bb4 4.e5 Qd7 5.Bd2 b6 6.f4 Ne7 7.Nf3 Nf5 8.g4 Bxc3
9.bxc3 Ne7 10.h3 Ba6 11.Bxa6 Nxa6 12.a4 Nb8 13.O-O Nbc6 14.Nh4 h5 15.f5 hxg4
16.Qxg4 exf5 17.Nxf5 Nxf5 18.Rxf5 Ne7 19.Rf3 Qxg4+ 20.hxg4 Rh4 21.Rg3 Kd7
22.Bg5 Rh7 23.Rf1 Ke6 24.Bxe7 Kxe7 25.g5 Rah8 26.Rxf7+ Kxf7 27.g6+ Ke6 28.gxh7 Rxh7
29.Kg2 a5 30.Rg5 Kf7 31.Rf5+ Ke7 32.c4 dxc4 33.d5 g6 34.Rf4 Rh5 35.Rxc4 Rxe5
36.Rxc7+ Kd6 37.Rc6+ Kxd5 38.Rxb6 Kc4 39.Rxg6 Kc3 40.Rb6 Re4 41.Rc6+ Kb4
42.Kf3 Re8 43.Rb6+ Kxa4 44.c4 Rc8 45.Ke3 Rxc4 46.Kd3 Rc8 47.Rb1 Rc7 48.Ra1+ Kb5
49.Rb1+ Ka6 50.Ra1  1/2-1/2

[Event "8th Nana Aleksandria"]
[Site "Poti GEO"]
[Date "2013.07.18"]
[Round "6.8"]
[White "Ghvamberia,N"]
[Black "Moosavian,S"]
[Result "1-0"]
[WhiteElo "2047"]
[BlackElo "2397"]

1.e4 e6 2.d4 d5 3.Nc3 Bb4 4.e5 Ne7 5.a3 Bxc3+ 6.bxc3 b6 7.Qg4 O-O 8.Bd3 Ba6
9.Bh6 Ng6 10.Bg5 Qe8 11.Bxa6 Nxa6 12.h4 h6 13.Bxh6 gxh6 14.h5 Kg7 15.Ne2 f5
16.Qxg6+ Qxg6 17.hxg6 f4 18.Rh4 f3 19.Nf4 fxg2 20.Ke2 Rae8 21.Rg1 Nb8 22.Rxg2 Nd7
23.Ke3 c5 24.Rgh2 Rh8 25.Nh5+ Kg8 26.Nf6+ Nxf6 27.exf6 Rc8 28.Rxh6 Rxh6 29.Rxh6 cxd4+
30.cxd4  1-0

[Event "Horsens Lang Weekend 2013"]
[Site "Horsens DEN"]
[Date "2013.07.20"]
[Round "6.6"]
[White "Nielsen,PH"]
[Black "Topholm,M"]
[Result "1-0"]
[WhiteElo "2658"]
[BlackElo "2149"]

1.d4 e6 2.e4 d5 3.Nc3 Bb4 4.e5 Qd7 5.a3 Bxc3+ 6.bxc3 b6 7.Qg4 f5 8.Qg3 Ba6
9.Bxa6 Nxa6 10.Nh3 Nb8 11.Nf4 Nc6 12.Nh5 Qf7 13.Qf3 Na5 14.g4 Nc4 15.gxf5 g6
16.Ng3 gxf5 17.Nh5 O-O-O 18.Rg1 h6 19.Rg7 Qf8 20.Rg6 Qf7 21.Nf4 Re8 22.Qg3 Qd7
23.Rg7 Qc6 24.Ng6  1-0

[Event "VIII Vladimir Dvorkovich Open"]
[Site "Taganrog RUS"]
[Date "2013.07.25"]
[Round "4.6"]
[White "Petrov,Ar"]
[Black "Chernyavsky,A"]
[Result "0-1"]
[WhiteElo "2402"]
[BlackElo "2252"]

1.e4 e6 2.d4 d5 3.Nc3 Bb4 4.e5 Ne7 5.a3 Bxc3+ 6.bxc3 c5 7.h4 Qc7 8.Nf3 Nbc6
9.h5 h6 10.Bd3 Bd7 11.Be3 c4 12.Be2 O-O-O 13.Qd2 a6 14.Nh4 Na7 15.g4 Qa5
16.g5 Nb5 17.gxh6 gxh6 18.Rg1 Rdg8 19.Rxg8+ Nxg8 20.a4 Qxc3 21.Ra2 Qxd2+
22.Kxd2 Na7 23.Ra1 Kd8 24.c3 Nc8 25.Bd1 Be8 26.Rb1 b6 27.Bc2 f5 28.Ng6 Bxg6
29.hxg6 h5 30.Rh1 h4 31.Bg5+ Ke8 32.Rxh4 Rxh4 33.Bxh4 Kf8 34.Bd1 Kg7 35.Ke3 Kxg6
36.Kf4 Nge7 37.f3 Nc6 38.Be1 b5 39.Ke3 Nb6 40.axb5 axb5 41.f4 Na4 42.Bd2 Na5
43.Be1 Nb2 44.Be2 Nb3 45.Bh4 Na4 46.Be1 Nc1 47.Bd1 Nb2 48.Bc2 Kh5 49.Bd2 Ncd3
50.Kf3 Kh4 51.Bb1 Nd1 52.Bc2 N1f2  0-1

[Event "9th Tabor Open 2013"]
[Site "Tabor CZE"]
[Date "2013.07.28"]
[Round "1.27"]
[White "Novak,Martin"]
[Black "Parak,D"]
[Result "0-1"]
[WhiteElo "1705"]
[BlackElo "2079"]

1.e4 e6 2.d4 d5 3.Nc3 Bb4 4.e5 Qd7 5.Bd3 b6 6.Nf3 Ba6 7.Bxa6 Nxa6 8.Qd3 Nb8
9.a3 Bf8 10.O-O Ne7 11.Bg5 h6 12.Bh4 Nf5 13.Bg3 Be7 14.Ne2 g5 15.h3 Nc6 16.Bh2 O-O-O
17.Rfc1 h5 18.Qa6+ Kb8 19.c4 g4 20.hxg4 hxg4 21.Nd2 Ncxd4 22.Nxd4 Nxd4 23.cxd5 Qxd5
24.Rc3 Rxh2 25.Kxh2 Qxe5+ 26.Kg1 Ne2+ 27.Kf1 Nxc3 28.Nc4 Qe2+ 29.Kg1 Bc5
30.Rf1 g3  0-1

[Event "Politiken Cup 2013"]
[Site "Helsingor DEN"]
[Date "2013.07.30"]
[Round "5.36"]
[White "Olofsson-Dolk,Mattis"]
[Black "Nielsen,LA"]
[Result "0-1"]
[WhiteElo "2113"]
[BlackElo "2265"]

1.e4 e6 2.d4 d5 3.Nc3 Bb4 4.e5 Qd7 5.a3 Bxc3+ 6.bxc3 b6 7.Qg4 f5 8.Qg3 Ba6
9.Bxa6 Nxa6 10.Ne2 h6 11.h4 O-O-O 12.a4 Nb8 13.Ba3 Nc6 14.Bb4 a5 15.Ba3 Kb7
16.Nf4 Qf7 17.Ng6 Rh7 18.h5 Nge7 19.O-O Qe8 20.Nf4 Qf7 21.Rfb1 Rhh8 22.Rb5 Rhg8
23.Bxe7 Nxe7 24.Rab1 g5 25.hxg6 Nxg6 26.Nd3 Kc8 27.Ne1 f4 28.Qd3 Nh4 29.Rxb6 cxb6
30.Rxb6 Qa7 31.Qb5 Rg7 32.Qc6+ Qc7 33.Qxe6+ Qd7 34.Rc6+ Kb7 35.Rb6+ Kc7 36.Qxh6 Nxg2
37.Nxg2 Rdg8 38.e6 Rxg2+ 39.Kf1 f3 40.Ke1 Qe7  0-1

[Event "114th US Open"]
[Site "Middleton USA"]
[Date "2013.08.02"]
[Round "7"]
[White "Thigpen,Douglas B"]
[Black "Checa,Nicolas D"]
[Result "0-1"]
[WhiteElo "2031"]
[BlackElo "2021"]

1.e4 e6 2.d4 d5 3.Nc3 Bb4 4.e5 Ne7 5.a3 Bxc3+ 6.bxc3 c5 7.Bd3 b6 8.Qg4 Kf8
9.a4 Ba6 10.Bb5 Bb7 11.Bd3 Qc7 12.Nf3 cxd4 13.O-O dxc3 14.Ba3 Nc6 15.Rfe1 Kg8
16.h4 a5 17.Nd4 Nxd4 18.Qxd4 Nc6 19.Qxc3 d4 20.Qb2 Nxe5 21.Rxe5 Qxe5 22.Qxb6 Bd5
23.Rb1 g6 24.Bc5 h5 25.Bxd4 Qf4 26.c4 Be4 27.g3 Qf3 28.Bxe4 Qxe4 29.Bxh8 Kxh8
30.c5 Qxa4 31.c6 Rc8 32.Rc1 Qb4 33.Qa7 Kg7 34.Qd7 Qb8 35.Qd4+ Kg8 36.Rc5 Qb6
37.c7 a4 38.Qd7 Qb7 39.g4 a3 40.Ra5 Qxc7 41.Qxc7 Rxc7 42.gxh5 gxh5 43.Rxa3 Rc4
44.Rh3 f5 45.Kg2 Kg7 46.Rh1 Kf6 47.f3 Rc2+ 48.Kg3 e5 49.Ra1 f4+ 50.Kh3 Rc7
51.Ra6+ Kf5 52.Rh6 Rg7 53.Rxh5+ Kf6 54.Rg5 Rxg5 55.hxg5+ Kxg5 56.Kg2 Kf5
57.Kf2 Ke6 58.Ke1 Kd5 59.Kd1 Kc5 60.Ke1 Kc4 61.Ke2 Kc3 62.Ke1 Kd3  0-1

[Event "Sparkassen Open A 2013"]
[Site "Dortmund GER"]
[Date "2013.08.04"]
[Round "9.7"]
[White "Hecht,C"]
[Black "Webb,L"]
[Result "1/2-1/2"]
[WhiteElo "2087"]
[BlackElo "2286"]

1.e4 e6 2.d4 d5 3.Nc3 Bb4 4.e5 b6 5.a3 Bf8 6.f4 Ne7 7.Be3 c5 8.Nf3 Nf5 9.Bf2 Be7
10.Be2 Ba6 11.Bxa6 Nxa6 12.O-O h5 13.Qe2 c4 14.Nd1 Nc7 15.Ne3 g6 16.Nxf5 exf5
17.b3 cxb3 18.cxb3 Ne6 19.Be3 O-O 20.Rfc1 Qd7 21.Ne1 b5 22.Nd3 Rfc8 23.Qb2 a6
24.Rxc8+ Rxc8 25.Rc1 a5 26.Kf2 a4 27.Rxc8+ Qxc8 28.b4 Qc4 29.Nc1 f6 30.exf6 Bxf6
31.Ne2 Kf7 32.g3 Ke7 33.h4 Kd7 34.Ke1 Nc7 35.Kd2 Ne8 36.Qc2 Nd6 37.Kc1 Qb3
38.Qxb3 axb3 39.Kb1 b2 40.Bd2 Nc4 41.Bc3 Nxa3+ 42.Kxb2 Nc4+ 43.Kb3 Ne3 44.Be1 Nf1
45.Kc3 Be7 46.Kb3 Nh2 47.Bf2 Nf3 48.Kc3 Kc6 49.Nc1 Nh2 50.Ne2 Ng4 51.Be1 Nf6
52.Kb3 Ne4 53.Ka3  1/2-1/2

[Event "FSFMB August 2013"]
[Site "Budapest HUN"]
[Date "2013.08.07"]
[Round "5.5"]
[White "Fredholm,Lisa"]
[Black "Darnell,Anton"]
[Result "0-1"]
[WhiteElo "1657"]
[BlackElo "1743"]

1.e4 e6 2.d4 d5 3.Nc3 Bb4 4.e5 b6 5.Qg4 Bf8 6.Bg5 Qd7 7.f4 Ba6 8.Bxa6 Nxa6
9.a3 c5 10.Nf3 h6 11.Bh4 Ne7 12.Bf2 Nf5 13.Rd1 Rc8 14.dxc5 Bxc5 15.Bxc5 Nxc5
16.Nd4 Ne7 17.Qf3 g6 18.Ndb5 Nb7 19.Nxa7 Rxc3 20.Qxc3 Nc5 21.g4 h5 22.Qh3 Qxa7
23.Rf1 Ne4 24.f5 gxf5 25.gxf5 Nxf5 26.Rxf5 exf5 27.Rxd5 Qb7 28.Qd3 O-O 29.Rd7 Qc6
30.Qd1 Qg6  0-1

[Event "17th Godesberg Open"]
[Site "Bonn GER"]
[Date "2013.08.09"]
[Round "7.7"]
[White "Gikas,A"]
[Black "Florstedt,Johannes"]
[Result "1-0"]
[WhiteElo "2187"]
[BlackElo "2059"]

1.e4 e6 2.d4 d5 3.Nc3 Bb4 4.e5 Ne7 5.a3 Bxc3+ 6.bxc3 c5 7.a4 Nbc6 8.Nf3 Qa5
9.Bd2 Bd7 10.Bb5 a6 11.Be2 f6 12.c4 Qc7 13.cxd5 Nxd5 14.c4 Nde7 15.exf6 gxf6
16.dxc5 O-O-O 17.Bc3 e5 18.Qd6 Nf5 19.Qxc7+ Kxc7 20.O-O e4 21.Bxf6 exf3 22.Bxf3 Rhf8
23.Bxd8+ Rxd8 24.Rfd1 Nfd4 25.Be4 Ne2+ 26.Kf1 Nc3 27.Re1 Nd4 28.Bxh7 Rh8
29.Re7 Kd8 30.Rg7 Be6 31.Rxb7 Kc8 32.Ra7 Kb8 33.Rg7 Bxc4+ 34.Kg1 Nce2+ 35.Kh1 Bd5
36.Rb1+ Kc8 37.Bd3 Bxg2+ 38.Rxg2 Nf4 39.Bxa6+ Kc7 40.Rg7+ Kc6 41.Rc1 Kd5
42.Rd7+  1-0

[Event "22nd ZMDI Open 2013"]
[Site "Dresden GER"]
[Date "2013.08.10"]
[Round "1.27"]
[White "Humburg,Philipp"]
[Black "Siedentopf,D"]
[Result "1/2-1/2"]
[WhiteElo "2054"]
[BlackElo "2311"]

1.e4 e6 2.d4 d5 3.Nc3 Bb4 4.e5 Ne7 5.a3 Bxc3+ 6.bxc3 c5 7.Nf3 Nbc6 8.h4 Qa5
9.Bd2 Bd7 10.h5 h6 11.g3 O-O-O 12.Bg2 Qa6 13.Bf4 Qc4 14.Qd2 cxd4 15.Nxd4 Nxd4
16.cxd4 Bb5 17.Rb1 Ba6 18.Bf3 Kb8 19.Be2 Qxe2+ 20.Qxe2 Bxe2 21.Kxe2 Rc8 22.Kd3 Rc4
23.Bd2 Nc6 24.Rh4 Rc8 25.Rb3 Ra4 26.f3 Na5 27.Bxa5 Rxa5 28.Rg4 Rg8 29.Rf4 Rf8
30.Rg4 Rg8 31.Rf4  1/2-1/2

[Event "10th Malaysian Open"]
[Site "Kuala Lumpur MAS"]
[Date "2013.08.14"]
[Round "6.22"]
[White "Azarya,J"]
[Black "Praveen Kumar,C1"]
[Result "0-1"]
[WhiteElo "2106"]
[BlackElo "2306"]

1.e4 e6 2.d4 d5 3.Nc3 Bb4 4.e5 b6 5.Qg4 Bf8 6.Bg5 Qd7 7.O-O-O h6 8.Qh3 Ne7
9.Bxe7 Bxe7 10.f4 Ba6 11.Bxa6 Nxa6 12.g4 O-O-O 13.Nf3 Kb7 14.Kb1 Rc8 15.f5 c5
16.Qg3 c4 17.Rhf1 b5 18.fxe6 fxe6 19.Nh4 b4 20.Ne2 Qe8 21.Rf3 Nc7 22.Rdf1 g5
23.Ng2 Nb5 24.Rf7 Rc7 25.Qf3 Qc6 26.Ne3 Qb6 27.Nf5 exf5 28.Qxd5+ Ka6 29.gxf5 Rd8
30.Qf3 Nc3+ 31.Nxc3 bxc3 32.b3 Rxd4 33.f6 Rf4 34.Qe2 Qc5 35.Ka1 Qxe5  0-1

[Event "28th Metropolitan GM"]
[Site "Los Angeles USA"]
[Date "2013.08.16"]
[Round "6"]
[White "Khachiyan,M"]
[Black "Yang,Dar"]
[Result "1/2-1/2"]
[WhiteElo "2508"]
[BlackElo "2480"]

1.e4 e6 2.d4 d5 3.Nc3 Bb4 4.e5 Ne7 5.a3 Bxc3+ 6.bxc3 c5 7.Qg4 O-O 8.Bd3 Nbc6
9.Qh5 Ng6 10.Nf3 Qc7 11.Be3 c4 12.Bxg6 fxg6 13.Qg4 Qf7 14.Ng5 Qe8 15.h4 h6
16.Nh3 Bd7 17.Kd2 Qf7 18.Qe2 Ne7 19.g4 Qf3 20.Qxf3 Rxf3 21.Ng1 Rff8 22.h5 gxh5
23.Rxh5 Be8 24.Rh3 Bg6 25.Ne2 Rac8 26.Nf4 Kf7 27.Nxg6 Kxg6 28.f4 Rf7 29.Rf1 Rcf8
30.Rhf3 Kh7 31.Ke2 g5 32.fxg5  1/2-1/2

[Event "21st Troya Open 2013"]
[Site "Canakkale TUR"]
[Date "2013.08.18"]
[Round "3.10"]
[White "Can,Isik"]
[Black "Erden,K"]
[Result "1/2-1/2"]
[WhiteElo "1683"]
[BlackElo "2213"]

1.e4 e6 2.d4 d5 3.Nc3 Bb4 4.e5 Qd7 5.f4 b6 6.Nf3 Ne7 7.Bd3 c5 8.O-O Ba6 9.a3 Bxc3
10.bxc3 Qa4 11.Be3 Bxd3 12.cxd3 Qxd1 13.Rfxd1 Nf5 14.Bf2 cxd4 15.Nxd4 Nxd4
16.Bxd4 Nc6 17.Bf2 O-O-O 18.Kf1 f6 19.exf6 gxf6 20.c4 e5 21.fxe5 fxe5 22.Re1 Rhf8
23.Kg1 dxc4 24.dxc4 Rd2 25.Be3 Rd3 26.Rab1 Rc3 27.c5 bxc5 28.Rbc1 Rxc1 29.Rxc1 Rd8
30.Bxc5 Kb7 31.Kf2 Rd2+ 32.Kg3 Rd5 33.Kf3 Rd3+ 34.Ke4 Rd2 35.Kf3 e4+  1/2-1/2

[Event "22nd ZMDI Open 2013"]
[Site "Dresden GER"]
[Date "2013.08.18"]
[Round "9.7"]
[White "Dann,M"]
[Black "Das,Arg"]
[Result "1/2-1/2"]
[WhiteElo "2434"]
[BlackElo "2469"]

1.e4 e6 2.d4 d5 3.Nc3 Bb4 4.e5 Ne7 5.a3 Bxc3+ 6.bxc3 b6 7.Qg4 Ng6 8.h4 h5
9.Qg3 Ba6 10.Bxa6 Nxa6 11.Qd3 Nb8 12.Nf3 Nc6 13.Rh3 Qd7 14.a4 Nge7 15.Bg5 O-O-O  1/2-1/2

[Event "28th Schwarzacher Open"]
[Site "Schwarzach AUT"]
[Date "2013.08.18"]
[Round "2.8"]
[White "Konguvel,P"]
[Black "Niedermeier,T"]
[Result "1/2-1/2"]
[WhiteElo "2328"]
[BlackElo "2136"]

1.e4 e6 2.d4 d5 3.Nc3 Bb4 4.e5 b6 5.Qg4 Bf8 6.Bg5 Qd7 7.Bb5 Nc6 8.Nge2 Bb7
9.Ng3 a6 10.Be2 f6 11.exf6 Nxf6 12.Qh4 O-O-O 13.Nh5 Be7 14.Nxg7 Rhg8 15.Bxf6 Bxf6
16.Qxf6 Qxg7 17.Qxg7 Rxg7 18.O-O-O Rxg2 19.Bf1 Rxf2 20.Bh3 Rd6 21.Rhe1 Rxh2
22.Bxe6+ Kb8 23.Bxd5 Nb4 24.Bb3  1/2-1/2

[Event "6th Jessie Gilbert Open 2013"]
[Site "Coulsdon ENG"]
[Date "2013.08.19"]
[Round "3"]
[White "Jones,W"]
[Black "Haria,R"]
[Result "0-1"]
[WhiteElo "2122"]
[BlackElo "2133"]

1.e4 e6 2.d4 d5 3.Nc3 Bb4 4.e5 Ne7 5.a3 Bxc3+ 6.bxc3 b6 7.Qg4 Ng6 8.h4 h5
9.Qd1 Qd7 10.Bd3 Ba6 11.Ne2 c5 12.a4 Bxd3 13.Qxd3 Nc6 14.Bg5 Rc8 15.O-O Qc7
16.Qb5 O-O 17.f4 Nce7 18.Ng3 cxd4 19.cxd4 Qc3 20.Qd3 Qxc2 21.Qxc2 Rxc2 22.Bxe7 Nxe7
23.f5 exf5 24.Nxf5 Nxf5 25.Rxf5 Rc4 26.Rxh5 Rxd4 27.Rf5 Rd8 28.a5 b5 29.Raf1 Rd7
30.a6 Rxh4 31.Rb1 b4 32.g3 Rc4 33.Rf4 d4 34.Kf2 Rd5 35.Ke2 g5 36.Rf5 d3+
37.Kd1 Rg4 38.Rf3 Re4 39.Rb3 Rexe5 40.Rfxd3 Rxd3+ 41.Rxd3 Re6 42.Rb3 Rb6
43.Ke2 Kg7 44.Ke3 f5 45.Kd4 Kf6 46.g4 fxg4 47.Ke4 Re6+ 48.Kd4 Kf5 49.Kc5 Rxa6
50.Rxb4 g3  0-1

[Event "28th Schwarzacher Open"]
[Site "Schwarzach AUT"]
[Date "2013.08.19"]
[Round "4.4"]
[White "Konguvel,P"]
[Black "Fodor,T jr"]
[Result "1/2-1/2"]
[WhiteElo "2328"]
[BlackElo "2451"]

1.e4 e6 2.d4 d5 3.Nc3 Bb4 4.e5 Ne7 5.a3 Bxc3+ 6.bxc3 b6 7.Qg4 Ng6 8.h4 h5
9.Qd1 Ba6 10.Bxa6 Nxa6 11.Bg5 Qd7 12.Ne2 Ne7 13.Nf4 g6 14.Bf6 Rg8 15.a4 Nb8
16.g4 hxg4 17.h5 gxh5 18.Nxh5 Qc6 19.Kd2 Kd7 20.Qe2 Nf5 21.Ng3 Nxg3 22.fxg3 Kc8
23.a5 a6 24.Rh2 Qe8 25.Bh4 Ra7 26.Qf1 bxa5 27.Rxa5 c6 28.Bf6 Rc7 29.c4 dxc4
30.Qxc4 Rb7 31.Rh1 Rb6 32.Qc5 Nd7 33.Qd6 Kb7 34.Rh7 c5 35.Qe7 Qxe7 36.Bxe7 cxd4
37.Rxf7 Rb5 38.Rxb5+ axb5 39.Bd6 Kc6 40.Kd3 Ra8 41.Kxd4 Ra4+ 42.Kd3 b4 43.Rf4 Ra3+
44.Ke2 Rxg3 45.Rxb4 Rg2+ 46.Ke3  1/2-1/2

[Event "12th Lichtenberger Sommer"]
[Site "Berlin GER"]
[Date "2013.08.20"]
[Round "4.44"]
[White "Kohlmeyer,D"]
[Black "Schaefer,He"]
[Result "1/2-1/2"]
[WhiteElo "1892"]
[BlackElo "2020"]

1.e4 e6 2.d4 d5 3.Nc3 Bb4 4.e5 b6 5.Nf3 c5 6.a3 Bxc3+ 7.bxc3 Qc7 8.Be2 Ba6
9.Bxa6 Nxa6 10.O-O Rc8 11.Qe2 Nb8 12.Bd2 Ne7 13.Rfc1 cxd4 14.cxd4 Qc4 15.Qxc4 Rxc4
16.c3 h6 17.Rcb1 Nbc6 18.a4 Kd7 19.Ra3 Rc8 20.Kf1 Na5 21.Ke2 g5 22.h3 Rg8
23.g4 Ng6 24.Kd3 Rgc8 25.Be3 R4c7 26.Nd2 Ke7 27.Rf1 Nf4+ 28.Bxf4 gxf4 29.Rc1 f6
30.exf6+ Kxf6 31.Re1 Nc4 32.Nxc4 Rxc4 33.Re5 Rg8 34.Rh5 Rg6 35.Ke2 Kg7 36.Kf3 Rg5
37.h4 Rxh5 38.gxh5 Kf6 39.Kxf4 e5+ 40.Ke3 Kf5 41.f3 e4 42.fxe4+ dxe4 43.a5 b5
44.a6 Kg4 45.Kxe4 Kxh4 46.Ke5 Kxh5 47.d5 Kg6 48.Ke6 Re4+ 49.Kd7 Kf6 50.Ra5 b4
51.cxb4 Rxb4 52.Rc5 h5 53.d6 h4 54.Rh5 Kg6 55.Re5 h3 56.Re2 Rh4 57.Rh2 Kf5
58.Kc7 Rc4+ 59.Kd8 Ke6 60.d7 Rc3 61.Re2+ Kf7 62.Re7+ Kf8 63.Rh7 Kg8 64.Rh4 Kf7
65.Rf4+ Kg6 66.Ke7 Re3+ 67.Kd6 Rd3+ 68.Kc6 h2 69.Rh4 Rc3+ 70.Kb7 Rd3 71.Kc6 Rc3+
72.Kb5 Rd3 73.Rxh2 Rxd7 74.Rh8 Kf6 75.Kc6 Rf7 76.Rb8 Re7 77.Rb7 Ke6 78.Kc5 Rd7
79.Kc6 Rd6+ 80.Kb5 Rd5+ 81.Kc4  1/2-1/2

[Event "e2e4 Coventry Open"]
[Site "Coventry ENG"]
[Date "2013.08.24"]
[Round "2"]
[White "Horspool,Philip J"]
[Black "Bryant,R"]
[Result "1/2-1/2"]
[WhiteElo "2008"]
[BlackElo "1969"]

1.e4 e6 2.Nc3 d5 3.d4 Bb4 4.e5 Ne7 5.Nf3 c5 6.a3 Bxc3+ 7.bxc3 Nbc6 8.Be2 Bd7
9.Rb1 Qc7 10.O-O c4 11.Qd2 h6 12.Qf4 Ng6 13.Qg3 Nce7 14.Nh4 Nxh4 15.Qxh4 Ba4
16.Bd1 O-O-O 17.Qf4 Rdf8 18.Re1 Nf5 19.Rb4 b5 20.Rb2 g5 21.Qd2 Rfg8 22.Bg4 Ng7
23.Be2 Qe7 24.Bf3 Nf5 25.Bg4 Nh4 26.Qe2 Ng6 27.Qf3 Kc7 28.g3 Rg7 29.Bh5 Rhg8
30.Kf1 Rf8 31.Qe2 Rfg8 32.Qf3 Nf8 33.h3 Nd7 34.Bg4 Rf8 35.Qe2 a6  1/2-1/2

[Event "e2e4 Coventry Open"]
[Site "Coventry ENG"]
[Date "2013.08.25"]
[Round "4"]
[White "O'Donnell,Conor"]
[Black "Bryant,R"]
[Result "0-1"]
[WhiteElo "2108"]
[BlackElo "1969"]

1.e4 e6 2.d4 d5 3.Nc3 Bb4 4.e5 Ne7 5.a3 Bxc3+ 6.bxc3 c5 7.Qg4 Qc7 8.Qxg7 Rg8
9.Qxh7 cxd4 10.Ne2 dxc3 11.f4 Nbc6 12.Qd3 d4 13.Rb1 Nf5 14.Rg1 Qe7 15.h3 b6
16.g4 Qh4+ 17.Kd1 Qf2 18.gxf5 Rxg1 19.Nxg1 Qxg1 20.Qf3 Bb7 21.Qg2 Qxg2 22.Bxg2 exf5
23.a4 O-O-O 24.Ba3 d3 25.Bd6 Rg8 26.Bf1 Rg1 27.Ke1 dxc2 28.Rc1 Nd4 29.Kf2 Rh1
30.a5 Rh2+ 31.Kg3 Rd2 32.axb6 axb6 33.Bc4 b5 34.Bxf7 Ne2+ 35.Kh4 Nxc1 36.e6 Rxd6
37.e7 Bc6  0-1

[Event "21st Honor to National Resistance"]
[Site "Nikaia GRE"]
[Date "2013.08.26"]
[Round "1.9"]
[White "Kourkoulos Arditis,Stamatis"]
[Black "Papasimakopoulos,Vasilios"]
[Result "1-0"]
[WhiteElo "2277"]
[BlackElo "1858"]

1.e4 e6 2.d4 d5 3.Nc3 Bb4 4.e5 Ne7 5.a3 Bxc3+ 6.bxc3 c5 7.a4 Qc7 8.Nf3 b6
9.Bb5+ Bd7 10.Bd3 Nbc6 11.O-O c4 12.Be2 O-O 13.Ba3 f6 14.Qd2 Rf7 15.Bd6 Qd8
16.exf6 Rxf6 17.Nh4 Nf5 18.Nxf5 Rxf5 19.Bg4 Qg5 20.Qe2 Rf6 21.f4 Qh6 22.Rf3 g6
23.Re3 Re8 24.f5 gxf5 25.Rh3 Qg7 26.Bh5 Rg6 27.Bxg6 hxg6 28.Re1 Kf7 29.Qd2 Rg8
30.Ree3 Ke8 31.Bf4 g5 32.Bxg5  1-0

[Event "XXX Collado Villalba Open 2013"]
[Site "Collado Villalba ESP"]
[Date "2013.08.29"]
[Round "7.3"]
[White "Valles Moreno,I"]
[Black "Unciti Juan,J"]
[Result "1-0"]
[WhiteElo "2384"]
[BlackElo "2128"]

1.e4 e6 2.d4 d5 3.Nc3 Bb4 4.e5 b6 5.Qg4 Bf8 6.Nf3 Qd7 7.Bb5 Nc6 8.a3 Bb7
9.h4 O-O-O 10.Ne2 a6 11.Bd3 Na5 12.O-O h5 13.Qf4 Nh6 14.b3 Be7 15.Ng3 g6
16.Qe3 Kb8 17.Qe2 Ka7 18.Bd2 Nc6 19.b4 Nb8 20.a4 c5 21.Bb5 Bc6 22.dxc5 bxc5
23.Bxc6 Nxc6 24.b5 Nb8 25.Bg5 Rc8 26.Rfd1 Nf5 27.Nxf5 exf5 28.Rdb1 Bd8 29.Bxd8 Rhxd8
30.Qd2 Re8 31.Ra2 Re6 32.Rab2 Rb6 33.Ng5 d4 34.c4 Qe7 35.a5 Rb7 36.bxa6 Rbc7
37.Rb7+ Ka8 38.R7b6 Nc6  1-0

[Event "12th Kesarovski Mem"]
[Site "Sunny Beach BUL"]
[Date "2013.09.06"]
[Round "7.1"]
[White "Adair,J"]
[Black "Rombaldoni,Ax"]
[Result "0-1"]
[WhiteElo "2363"]
[BlackElo "2494"]

1.e4 e6 2.d4 d5 3.Nc3 Bb4 4.e5 b6 5.a3 Bf8 6.Nf3 Ne7 7.h4 Qd7 8.h5 h6 9.b4 c6
10.Rb1 Ba6 11.b5 cxb5 12.Nxb5 Bxb5 13.Bxb5 Nec6 14.c4 Be7 15.Rh3 a6 16.Ba4 Bd8
17.cxd5 exd5 18.Nh4 b5 19.Bc2 Bxh4 20.Rxh4 Nd8 21.Qf3 Nbc6 22.Bb3 Ne7 23.Bd2 Ne6
24.Bb4 O-O 25.Qd3 f5 26.g4 f4 27.Rh1 Kh8 28.Rc1 Rfc8 29.Kd2 Rc4 30.Bxc4 dxc4
31.Qe4 Nd5 32.Bd6 Qc6 33.g5 Nxg5 34.Qg6 c3+ 35.Kc2 Qc4 36.Qd3 Qa4+  0-1

[Event "Svenska Cup 2013"]
[Site "Linkoping SWE"]
[Date "2013.09.08"]
[Round "7.2"]
[White "Ziegler,A"]
[Black "Westerberg,J"]
[Result "0-1"]
[WhiteElo "2326"]
[BlackElo "2404"]

1.d4 e6 2.e4 d5 3.Nc3 Bb4 4.e5 Ne7 5.a3 Bxc3+ 6.bxc3 b6 7.Qg4 Ng6 8.h4 h5
9.Qg3 Ba6 10.Bxa6 Nxa6 11.Nf3 Qd7 12.a4 Qc6 13.Ng5 Ne7 14.Ba3 Nf5 15.Qd3 Nb8
16.a5 Qc4 17.Qxc4 dxc4 18.Ne4 Nc6 19.a6 O-O-O 20.Nd2 f6 21.exf6 gxf6 22.Nxc4 e5
23.Ne3 Nd6 24.Bxd6 Rxd6 25.d5 Ne7 26.c4 f5 27.g3 f4 28.gxf4 exf4 29.Ng2 Rf8
30.O-O-O c6 31.Rhe1 Ng6 32.Re4 cxd5 33.Rxd5 Rxd5 34.cxd5 Kd7 35.Re6 Rg8 36.Rf6 Ne5
37.Nxf4 Rg4 38.Kd2 Rxh4 39.Ke3  0-1

[Event "Mohamed Slama Mem 2013"]
[Site "Monastir TUN"]
[Date "2013.09.09"]
[Round "1.11"]
[White "Amdouni,Z"]
[Black "Slimani,An"]
[Result "1-0"]
[WhiteElo "2253"]
[BlackElo "2019"]

1.e4 e6 2.d4 d5 3.Nc3 Bb4 4.e5 Ne7 5.Bd2 b6 6.Qg4 Nf5 7.Bd3 h5 8.Qf4 Be7
9.Nf3 c6 10.h4 Nh6 11.Ng5 Ba6 12.Be2 Bxe2 13.Nxe2 c5 14.f3 Qd7 15.g4 f6 16.exf6 gxf6
17.O-O-O Nc6 18.dxc5 bxc5 19.Ne4 dxe4 20.Bc3 Nd4 21.Nxd4 cxd4 22.Bxd4 e5
23.Qxe4 Rd8 24.Qg6+ Kf8 25.Be3 Qe8 26.Bxh6+ Rxh6 27.Qxh6+  1-0

[Event "Mohamed Slama Mem 2013"]
[Site "Monastir TUN"]
[Date "2013.09.12"]
[Round "6.10"]
[White "Djaballah,F"]
[Black "Azaiez,Fahmi"]
[Result "1/2-1/2"]
[WhiteElo "2017"]
[BlackElo "2073"]

1.e4 e6 2.d4 d5 3.Nc3 Bb4 4.e5 Ne7 5.a3 Bxc3+ 6.bxc3 c5 7.Nf3 Nbc6 8.Bd3 c4
9.Be2 Bd7 10.O-O Qc7 11.Nd2 O-O-O 12.a4 f6 13.f4 Nf5 14.Nf3 h5 15.g3 Rdg8
16.Kf2 Qd8 17.h4 Be8 18.Re1 Nh6 19.Nh2 g5 20.hxg5 fxg5 21.fxg5 Nf5 22.Nf3 h4
23.g4 Ng3 24.Kg2 Ne4 25.Be3 Nxc3 26.Qd2 Ne4 27.Qc1 Bg6 28.Kh3 Rf8 29.Qa3 Rf7
30.Bd1 Rhf8 31.Rf1 Ng3 32.Rf2 Be4 33.Nxh4 Rxf2 34.Bxf2 Rxf2 35.Kxg3 Rf1 36.Bf3 Rxa1
37.Qxa1 Bxc2 38.g6 Qg5 39.Qa3 Bxg6 40.Qf8+ Qd8 41.Nxg6 Qxf8 42.Nxf8 c3 43.Bd1 Nxd4
44.Kf4 Kd8 45.Nxe6+ Nxe6+ 46.Ke3 Ke7 47.Kd3 d4 48.Ke4 b6 49.Bc2 a6 50.Kd5 b5
51.axb5 axb5 52.g5 Nxg5 53.Kxd4  1/2-1/2

[Event "TCh-CRO w Liga 2013"]
[Site "Bol CRO"]
[Date "2013.09.17"]
[Round "4.2"]
[White "Raguz,I"]
[Black "Medic,Mir"]
[Result "1/2-1/2"]
[WhiteElo "1955"]
[BlackElo "2227"]

1.e4 e6 2.d4 d5 3.Nc3 Bb4 4.e5 Ne7 5.a3 Bxc3+ 6.bxc3 c5 7.Qg4 Nf5 8.Bd3 h5
9.Qf4 Nc6 10.Nf3 Nce7 11.Bxf5 Nxf5 12.O-O Bd7 13.Rb1 cxd4 14.Nxd4 Nxd4 15.cxd4 b6
16.Qg3 Rg8 17.Bg5 Qc7 18.Qh4 Qxc2 19.Qxh5 Qg6 20.Qxg6 fxg6 21.Rbc1 Rc8 22.Rxc8+ Bxc8
23.Rc1 Kd7 24.Kf1 Ba6+ 25.Ke1 Bc4 26.Kd2  1/2-1/2

[Event "I Azuqueca Chess Classic 2013"]
[Site "Azuqueca de Henares ESP"]
[Date "2013.09.21"]
[Round "8.2"]
[White "Perez Mitjans,O"]
[Black "Fernandez Romero,Ern"]
[Result "1/2-1/2"]
[WhiteElo "2429"]
[BlackElo "2465"]

1.e4 e6 2.d4 d5 3.Nc3 Bb4 4.e5 Ne7 5.a3 Bxc3+ 6.bxc3 c5 7.Nf3 h6 8.Bd3 Qc7
9.O-O Nd7 10.Re1 Nb6 11.dxc5 Qxc5 12.Be3 Qxc3 13.Nd4 Bd7 14.Qg4 g6 15.Qh4 Nc4
16.Bg5 Ng8 17.Nf3 Bc6 18.a4 Kd7 19.Rab1 Kc7 20.Be7 Qa5 21.Bxc4 dxc4 22.Red1 b6
23.Nd4 Bd5 24.Nb5+ Kc6 25.Rb4 g5 26.Rxc4+ Kb7 27.Rc7+ Kb8 28.Qh5 Nxe7 29.Qxf7 a6
30.Qxe7 axb5 31.Qd6 Bb7 32.axb5 Ka7 33.Rxb7+ Kxb7 34.Qd7+ Kb8 35.Qd6+ Kb7
36.Qd7+ Kb8 37.Qd6+  1/2-1/2